Ethnic groups in Iraq - Statistics

General Stats
  • This quiz has been taken 111 times
  • The average score is 8 of 18
Answer Stats
Family Population Ethnicity % Correct
Indo-European (Iranic) 8 million Kurd
97%
Afroasiatic (Semitic) 20.88 million Arab
96%
Indo-European (Iranic) 5 million Persian
83%
Indo-European (Armenian) 10 k Armenian
80%
Afroasiatic (Semitic) 200 k Assyrian
74%
Altaic (Turkic) 3 million Turkmen
71%
Caucasian (Kartvelian) 20 k Georgian
58%
Caucasian (Vainakh) 11 k Chechen
38%
Afroasiatic (Semitic) 241 k Chaldean
24%
Indo-European (Iranic) 127 k Lur
22%
Indo-European (Indo-Aryan) 7 million Roma
20%
Afroasiatic (Semitic)Niger-Congo (Bantu) 1.5 million Afro-Iraqi
19%
Caucasian (Northeast) 30 k Avar
18%
Caucasian (Northwest) 34 k Adyghe
15%
Afroasiatic (Semitic) 6 k Mandaean
15%
Caucasian (Vainakh) 2 k Ingush
14%
Caucasian (Northeast) 50 k Lezgin
8%
Indo-European (Iranic) 400 k Shabak
5%
No matching quizzes found
Score Distribution
Percent of People with Each Score
Percentile by Number Answered
Your Score History
You have not taken this quiz